| 000 | 01216nam a2200313 4500 | ||
|---|---|---|---|
| 001 | 0000015508 | ||
| 003 | CO-CtgCURN | ||
| 005 | 20250331184729.0 | ||
| 007 | ta | ||
| 008 | 160627s1994 000 0 eng d | ||
| 020 | _a8448701984 | ||
| 040 |
_aCO-CtgCURN _bspa _ccoctgcurn |
||
| 082 | 0 |
_a501 _bK84q |
|
| 100 | 1 | _aKhun, Thomas S. | |
| 245 | 1 | 0 |
_aQue son las revoluciones cientficas : _bgrandes obras del pensamiento / _cThomas S. Khun , traducción José Ramo Feito y Antonio Beltrán. |
| 260 |
_aMadrid : _bEdiciones Altaya, _c1994. |
||
| 300 | _a151 p. | ||
| 336 | _2rdacontent | ||
| 337 |
_2rdamedia _asin mediacion _bn |
||
| 338 |
_2rdacarrier _avolumen _bnc |
||
| 490 | 1 | _aColección Grandes Obras de Pensamiento | |
| 500 | _aIncluye indice. | ||
| 505 | 8 | _aQue son las revoluciones cientifica.--Racionalidad y elección de teoria.--Historiam de la ciencia y la Filosofia.--Conmensurabilidad, comparabilidad y comunicabilidad.--T. S. Kuhn. de la historia de la ciencia a la filosofia de la ciencia | |
| 650 | 1 | 4 |
_aCiencia _vHistoria. |
| 700 | 1 | _aFeito, José Romo. | |
| 908 | _a160627 | ||
| 942 |
_cBK _h501 _iK84q _2ddc |
||
| 999 |
_c20678 _d20678 |
||